Soluȯ̂ de Conflitos A fraternidade em aȯ̂ /

Detalles Bibliográficos
Autor principal: Pozzoli, Lafayette
Otros Autores: Sanches Monassa, Clarissa Chagas
Formato: eBook
Lenguaje:portugués
Publicado: San Pablo: Letras Jurídicas Editora, 2014
Materias:
Acceso en línea:Acceso restringido

MARC

LEADER 00000nam a22000007a 4500
005 20200724004943.0
007 cr|||| ||||
008 200724s2014 br |||||s|||| 00||0 por d
020 |a 978-85-8248-051-9 
035 |a 31894 
040 |a vLex 
090 |c 10714  |d 10714 
100 1 |a Pozzoli, Lafayette 
245 1 0 |a Soluȯ̂ de Conflitos  |h [Recurso electrn̤ico] :  |b A fraternidade em aȯ̂ /  |c Lafayette Pozzoli, Clarissa Chagas Sanches Monassa 
256 |a Servicio en ln̕ea 
260 |a San Pablo:  |b Letras Jurídicas Editora,  |c 2014 
300 |a 1 recurso electrn̤ico 
506 1 |a Disponible solo en los productos indicados  |d vLex Global  |d vLex Global (Academic Edition, excluding Law Schools)  |d vLex Global (U.S. Academic Edition, Law Schools)  |d vLex Global (U.S. Academic Edition, excluding Law Schools)  |d vLex Global (Academic Edition, Law Schools) 
650 0 4 |a Derecho Pb︢lico y Administrativo  |z Brasil 
700 1 |a Sanches Monassa, Clarissa Chagas 
740 0 |a vLex Libros (Servicio en ln̕ea) 
856 4 0 |u http://vlex.com/source/solu-o-de-conflitos-a-fraternidade-em-a-o-31894  |z Acceso restringido 
942 |c BOOK 
999 0 |a Public and Administrative Law